[Event "20th TCh-RUS 2013"]
[Site "Loo RUS"]
[Date "2013.04.11"]
[Round "5"]
[White "Landa, Konstantin"]
[Black "Rozum, Ivan"]
[Result "1-0"]
[WhiteElo "2642"]
[BlackElo "2473"]
[PlyCount "135"]
[EventDate "2013.04.07"]
[WhiteTeam "Belorechensk"]
[BlackTeam "M.Chigorin Chess Club"]

1. d4 Nf6 2. c4 e6 3. Nf3 b6 4. g3 Bb7 5. Bg2 Be7 6. O-O O-O 7. Re1 c5 8. d5
exd5 9. Nh4 Ne4 10. cxd5 Bxh4 11. Bxe4 Bf6 12. Qc2 h6 13. Nc3 d6 14. Bf4 Qe7
15. Bg2 Nd7 16. a4 a6 17. Rad1 Bg5 18. e3 Bf6 19. Ne4 Ne5 20. Qb3 b5 21. Bxe5
Bxe5 22. f4 Bf6 23. axb5 axb5 24. Qxb5 Rab8 25. Qe2 Ba8 26. Rd2 Rb4 27. Nxf6+
Qxf6 28. e4 Rfb8 29. e5 dxe5 30. Qxe5 Qxe5 31. Rxe5 Kf8 32. Ree2 Rd8 33. Kf2
Rd6 34. Re3 Rdb6 35. Ree2 Rd6 36. Re1 Bb7 37. Rc1 Rdb6 38. Rxc5 Rxb2 39. Rcc2
Rxc2 40. Rxc2 Rb5 41. d6 Ke8 42. Bh3 f5 43. Rc7 g5 44. Rh7 Be4 45. Rxh6 gxf4
46. gxf4 Rb3 47. Bf1 Kd7 48. Bc4 Rb4 49. Bf7 Rd4 50. Be6+ Kxd6 51. Bxf5+ Kd5
52. Be6+ Kc5 53. Ke3 Rb4 54. Rh5+ Kd6 55. Re5 Bc6 56. Bg4 Rb3+ 57. Kf2 Bd5 58.
h3 Ra3 59. Re3 Rxe3 60. Kxe3 Bb3 61. Kd4 Bc2 62. h4 Bb1 63. h5 Bc2 64. h6 Ke7
65. Ke5 Kf7 66. Be6+ Kf8 67. f5 Bxf5 68. Kxf5 1-0

[Event "20th TCh-RUS 2013"]
[Site "Loo RUS"]
[Date "2013.04.11"]
[Round "5"]
[White "Pakhomov, Egor"]
[Black "Aleksandrov, Aleksej"]
[Result "0-1"]
[WhiteElo "2454"]
[BlackElo "2604"]
[PlyCount "134"]
[EventDate "2013.04.07"]
[WhiteTeam "M.Chigorin Chess Club"]
[BlackTeam "Belorechensk"]

1. Nf3 Nf6 2. c4 e6 3. g3 a6 4. d4 b5 5. b3 Bb7 6. Bg2 Bb4+ 7. Bd2 Be7 8. Nc3
Ne4 9. O-O O-O 10. d5 Nxd2 11. Qxd2 b4 12. Na4 a5 13. Rad1 exd5 14. cxd5 d6 15.
Rc1 Bf6 16. Rc2 Bc8 17. Nd4 Bd7 18. Nb2 Na6 19. e3 Re8 20. Rfc1 Nc5 21. Nd3
Bxd4 22. exd4 Ne4 23. Bxe4 Rxe4 24. Rxc7 h6 25. Nf4 Bf5 26. f3 Re8 27. g4 Bh7
28. Ng2 Bg6 29. Kf2 a4 30. Kg3 axb3 31. axb3 h5 32. h3 Re7 33. R7c6 Qe8 34. Kf2
Rea7 35. Re1 Qd8 36. Kg3 Ra2 37. Qf4 Rb2 38. Rxd6 Qc7 39. Rc1 Rc2 40. Rxc2 Qxc2
41. gxh5 Bxh5 42. Qg5 Qc7 43. Qe5 f6 44. Qf4 Qc2 45. Qe4 Qc7 46. Qf4 Qc2 47.
Rc6 Qxb3 48. d6 Qe6 49. Qe4 Qd7 50. Nf4 Re8 51. Qd5+ Bf7 52. Qc5 Rd8 53. Rb6 b3
54. Qc7 b2 55. Rb8 Rxb8 56. Qxb8+ Be8 57. Qb3+ Kh8 58. Ne2 Qb5 59. Qxb5 Bxb5
60. Nc3 Kg8 61. Kf4 Kf7 62. Ke3 Bd7 63. Ke4 Bxh3 64. Kd5 Ke8 65. Kc6 Kd8 66. d5
Bf5 67. d7 b1=Q 0-1

[Event "20th TCh-RUS 2013"]
[Site "Loo RUS"]
[Date "2013.04.11"]
[Round "5"]
[White "Ivanov, Alexander Al"]
[Black "Cheparinov, Ivan"]
[Result "0-1"]
[WhiteElo "2435"]
[BlackElo "2702"]
[PlyCount "134"]
[EventDate "2013.04.07"]
[WhiteTeam "Rakita"]
[BlackTeam "PGMB Rostov"]

1. e4 c5 2. Nf3 d6 3. g3 g6 4. Bg2 Bg7 5. O-O Nc6 6. d3 e5 7. c3 Nge7 8. a3 O-O
9. b4 h6 10. b5 Na5 11. c4 f5 12. Nfd2 Be6 13. Qe2 Qd7 14. Nc3 f4 15. Rb1 g5
16. Nd5 Ng6 17. Bb2 b6 18. Bc3 Nb7 19. h3 Bxh3 20. Qh5 Bxg2 21. Kxg2 Qf7 22.
Qxg6 Qxg6 23. Ne7+ Kh7 24. Nxg6 Kxg6 25. g4 h5 26. gxh5+ Kxh5 27. Rh1+ Kg6 28.
Nf3 a6 29. a4 Bf6 30. Nh2 Rh8 31. Ng4 Rxh1 32. Rxh1 Bg7 33. bxa6 Rxa6 34. Ra1
Nd8 35. a5 bxa5 36. Rxa5 Rxa5 37. Bxa5 Nc6 38. Bc7 Bf8 39. f3 Kf7 40. Bb6 Ke6
41. Kf1 Bg7 42. Nf2 Kd7 43. Nd1 Kc8 44. Nc3 Kb7 45. Nd5 Nb4 46. Bd8 Nxd3 47.
Bxg5 Nb2 48. Ke2 Nxc4 49. Kd3 Na5 50. Bh4 Nc6 51. Bf2 Nd8 52. Ne7 Bf6 53. Nd5
Bg5 54. Kc4 Kc6 55. Nc3 Ne6 56. Ne2 Nf8 57. Nc3 Bd8 58. Kd3 Ba5 59. Nd5 Ne6 60.
Ne7+ Kb5 61. Nf5 c4+ 62. Kc2 Bb4 63. Kb2 Bc5 64. Bh4 Nd4 65. Be7 Kb4 66. Nxd6
c3+ 67. Ka2 Ne2 0-1

[Event "20th TCh-RUS 2013"]
[Site "Loo RUS"]
[Date "2013.04.11"]
[Round "5"]
[White "Zhigalko, Sergei"]
[Black "Eliseev, Urii"]
[Result "1/2-1/2"]
[WhiteElo "2656"]
[BlackElo "2541"]
[PlyCount "86"]
[EventDate "2013.04.07"]
[WhiteTeam "PGMB Rostov"]
[BlackTeam "Rakita"]

1. e4 c5 2. Nf3 d6 3. d4 cxd4 4. Nxd4 Nf6 5. Nc3 Nc6 6. Bg5 e6 7. Qd2 a6 8.
O-O-O h6 9. Be3 Bd7 10. f3 b5 11. Nxc6 Bxc6 12. Kb1 Be7 13. g4 Nd7 14. h4 Bb7
15. Qg2 g6 16. Bd4 Rg8 17. Qd2 Bxh4 18. Qxh6 Bg5 19. Qh7 Ke7 20. Qh2 e5 21. Bf2
Rh8 22. Qg1 Rxh1 23. Qxh1 Qh8 24. Qg1 Qf6 25. Be2 Bh4 26. Bb6 Rc8 27. Ba5 Nc5
28. Bb4 Ke8 29. Nd5 Bxd5 30. Rxd5 Kf8 31. Qd1 Rc6 32. a4 bxa4 33. f4 Qxf4 34.
Rxd6 Qxe4 35. Bc3 Be7 36. Rxc6 Qxc6 37. Bxe5 a3 38. bxa3 Qb6+ 39. Ka1 Bf6 40.
Qd4 Nb3+ 41. cxb3 Qxd4+ 42. Bxd4 Bxd4+ 43. Kb1 a5 1/2-1/2

[Event "20th TCh-RUS 2013"]
[Site "Loo RUS"]
[Date "2013.04.11"]
[Round "5"]
[White "Vorobiov, Evgeny E"]
[Black "Sjugirov, Sanan"]
[Result "1/2-1/2"]
[WhiteElo "2580"]
[BlackElo "2657"]
[PlyCount "138"]
[EventDate "2013.04.07"]
[WhiteTeam "Rakita"]
[BlackTeam "PGMB Rostov"]

1. d4 Nf6 2. c4 g6 3. Nf3 Bg7 4. g3 O-O 5. Bg2 d6 6. O-O Nc6 7. Nc3 Bf5 8. b3
e5 9. dxe5 dxe5 10. Ba3 Re8 11. Qxd8 Raxd8 12. Rad1 a6 13. Rxd8 Rxd8 14. Nh4
Bg4 15. Bxc6 bxc6 16. f3 Be6 17. Rd1 Rxd1+ 18. Nxd1 a5 19. Nc3 Nd7 20. Ng2 Nb6
21. Kf2 f6 22. Ne1 Kf7 23. Nd3 Bh6 24. Bc5 a4 25. Bxb6 cxb6 26. Nxa4 b5 27.
Nab2 Ke7 28. a4 bxa4 29. Nxa4 Bg7 30. Nac5 Bf7 31. e3 f5 32. e4 Kd6 33. h3 h5
34. Nb7+ Kc7 35. Nbc5 Kd6 36. Ke2 Be8 37. Nb7+ Kc7 38. Nbc5 Kd6 39. Ke3 Bh6+
40. Kf2 Bg7 41. Ke2 Bf7 42. f4 exf4 43. gxf4 fxe4 44. Nxe4+ Ke7 45. Ng5 Be8 46.
Ke3 Kd6 47. Ke4 Bd7 48. c5+ Kc7 49. Ne5 Bf5+ 50. Ke3 Bf6 51. h4 Be7 52. b4 Bf6
53. Kf3 Kb7 54. Kg3 Ka6 55. Nxc6 Kb5 56. Ne5 Kxb4 57. c6 Bxe5 58. fxe5 Kc5 59.
Nh7 Kxc6 60. Nf6 Kc5 61. Kf4 Be6 62. Ne8 Bd7 63. Nf6 Be6 64. Ke4 Bf5+ 65. Ke3
Bc8 66. Ng8 Kd5 67. Kf4 Bf5 68. Nf6+ Ke6 69. Ne4 Kd5 1/2-1/2

[Event "20th TCh-RUS 2013"]
[Site "Loo RUS"]
[Date "2013.04.11"]
[Round "5"]
[White "Azarov, Sergei"]
[Black "Krylov, Mikhail RUS"]
[Result "1-0"]
[WhiteElo "2626"]
[BlackElo "2478"]
[PlyCount "91"]
[EventDate "2013.04.07"]
[WhiteTeam "PGMB Rostov"]
[BlackTeam "Rakita"]

1. e4 e5 2. Nf3 Nc6 3. Bb5 a6 4. Ba4 Nf6 5. O-O b5 6. Bb3 Bc5 7. c3 d6 8. a4
Rb8 9. d4 Bb6 10. a5 Ba7 11. h3 O-O 12. Be3 exd4 13. cxd4 Nxe4 14. Qc2 Qe8 15.
Nc3 Nxc3 16. Qxc3 Ne7 17. Rac1 c6 18. Rfe1 b4 19. Qd3 Qd7 20. Bg5 Ng6 21. h4
Qg4 22. Rxc6 Bf5 23. Qxa6 Be4 24. Rxe4 Qxe4 25. Bc2 Qe8 26. Rc7 Bxd4 27. Nxd4
Ra8 28. Qe2 Qxe2 29. Nxe2 Rxa5 30. Bb3 h6 31. Bf4 Ra1+ 32. Kh2 Re1 33. h5 Ne5
34. Bxe5 dxe5 35. Ng3 Rb1 36. Rc2 Kh7 37. Bd5 g6 38. Be4 Rd1 39. Rc7 Kg8 40.
hxg6 fxg6 41. Bxg6 Rxf2 42. Nf5 Rd8 43. Rg7+ Kh8 44. Rh7+ Kg8 45. Nxh6+ Kf8 46.
Nf5 1-0

[Event "20th TCh-RUS 2013"]
[Site "Loo RUS"]
[Date "2013.04.11"]
[Round "5"]
[White "Efanov, Nikolai"]
[Black "Popov, Ivan RUS"]
[Result "1-0"]
[WhiteElo "2401"]
[BlackElo "2627"]
[PlyCount "79"]
[EventDate "2013.04.07"]
[WhiteTeam "Rakita"]
[BlackTeam "PGMB Rostov"]

1. e4 c5 2. Nf3 d6 3. d4 cxd4 4. Qxd4 Nc6 5. Bb5 Bd7 6. Bxc6 bxc6 7. O-O e5 8.
Qd3 Nf6 9. c4 Qc7 10. Nc3 Be7 11. Bg5 Rd8 12. Rfd1 Be6 13. Rac1 Qb8 14. b3 O-O
15. h3 h6 16. Bh4 g5 17. Bg3 Nh5 18. Qe3 Nf4 19. c5 dxc5 20. Na4 c4 21. bxc4
Qb4 22. Rxd8 Rxd8 23. Bxf4 exf4 24. Qxa7 Qa3 25. Rb1 Bf8 26. Qb6 Ra8 27. Nb2
Qxa2 28. Nd3 Bxc4 29. Nde5 Bc5 30. Qb7 Bxf2+ 31. Kh1 Bb5 32. Rd1 Kg7 33. h4 Ra7
34. Qc8 Qc2 35. Rd8 Ra1+ 36. Kh2 Bg3+ 37. Kh3 Qxg2+ 38. Kg4 Bxh4+ 39. Kf5 Qh3+
40. Ng4 1-0

[Event "20th TCh-RUS 2013"]
[Site "Loo RUS"]
[Date "2013.04.11"]
[Round "5"]
[White "Kryakvin, Dmitry"]
[Black "Khoroshilov, Nikita"]
[Result "1-0"]
[WhiteElo "2588"]
[BlackElo "2290"]
[PlyCount "81"]
[EventDate "2013.04.07"]
[WhiteTeam "PGMB Rostov"]
[BlackTeam "Rakita"]

1. d4 g6 2. c4 Bg7 3. Nf3 Nf6 4. Nc3 O-O 5. e4 d6 6. Be2 Nbd7 7. O-O e5 8. d5
Nc5 9. Qc2 a5 10. Bg5 h6 11. Be3 b6 12. Nd2 Ng4 13. Bxg4 Bxg4 14. a3 f5 15. f3
Bh5 16. b4 Nd7 17. Nb3 f4 18. Bf2 a4 19. Nd2 g5 20. c5 g4 21. fxg4 Bxg4 22. Nf3
Bxf3 23. gxf3 Qg5+ 24. Kh1 Qh5 25. Bg1 bxc5 26. bxc5 Ra5 27. c6 Nc5 28. Rab1
Nb3 29. Qd3 Rb8 30. Nxa4 Rxa4 31. Rxb3 Rba8 32. Ra1 Bf6 33. Rb7 Bd8 34. Ra2 Qh3
35. Qe2 Kf7 36. Qg2 Qh5 37. Bb6 Rc4 38. Ra1 Rc8 39. Rg1 Bg5 40. Bxc7 Ke8 41.
Bxd6 1-0

[Event "20th TCh-RUS 2013"]
[Site "Loo RUS"]
[Date "2013.04.12"]
[Round "6"]
[White "Jakovenko, Dmitry"]
[Black "Karjakin, Sergey"]
[Result "1/2-1/2"]
[WhiteElo "2734"]
[BlackElo "2786"]
[PlyCount "134"]
[EventDate "2013.04.07"]
[WhiteTeam "Yugra"]
[BlackTeam "Malakhit"]

1. e4 e5 2. Nf3 Nc6 3. Bb5 a6 4. Ba4 Nf6 5. O-O Be7 6. d3 b5 7. Bb3 O-O 8. a4
b4 9. Nbd2 Bc5 10. Nc4 d6 11. Be3 Bxe3 12. Nxe3 Na5 13. Nd2 Nxb3 14. Nxb3 Be6
15. Nd2 c6 16. b3 d5 17. Qf3 Re8 18. h3 Qd6 19. Rfd1 Rad8 20. Ndf1 Qc5 21. Ng3
dxe4 22. Nxe4 Nxe4 23. Qxe4 Qc3 24. Rac1 f6 25. Qf3 Rd4 26. Nf1 Qc5 27. Ng3
Red8 28. Re1 Bf7 29. Qe3 Bg6 30. Ne2 R4d5 31. Qxc5 Rxc5 32. f3 Kf7 33. Kf2 h5
34. h4 Bf5 35. Ng3 g6 36. Ne4 Bxe4 37. Rxe4 a5 38. Ke3 f5 39. Rc4 Rxc4 40. bxc4
Rd4 41. g3 f4+ 42. gxf4 Rxf4 43. Rh1 Kf6 44. Rh2 Kf5 45. Rh1 Ke6 46. Rh2 Kf5
47. Rh1 Rd4 48. Rh2 g5 49. hxg5 Kg6 50. Rh1 h4 51. Kf2 Kxg5 52. Rg1+ Kf5 53.
Rg8 b3 54. cxb3 Rxd3 55. Rf8+ Ke6 56. Re8+ Kf5 57. Rf8+ Ke6 58. Re8+ Kf6 59.
Rc8 Rxb3 60. Rxc6+ Kg5 61. Rc8 Rc3 62. c5 Rc2+ 63. Ke3 h3 64. Rh8 Rxc5 65. Rxh3
Rc4 66. Rg3+ Kf5 67. Rg4 Rc3+ 1/2-1/2

[Event "20th TCh-RUS 2013"]
[Site "Loo RUS"]
[Date "2013.04.12"]
[Round "6"]
[White "Grischuk, Alexander"]
[Black "Leko, Peter"]
[Result "1/2-1/2"]
[WhiteElo "2764"]
[BlackElo "2744"]
[PlyCount "64"]
[EventDate "2013.04.07"]
[WhiteTeam "Malakhit"]
[BlackTeam "Yugra"]

1. d4 Nf6 2. c4 e6 3. Nf3 d5 4. Nc3 Bb4 5. e3 O-O 6. Bd3 c5 7. O-O cxd4 8. exd4
dxc4 9. Bxc4 b6 10. Qe2 Bb7 11. Rd1 Nbd7 12. d5 Bxc3 13. dxe6 Bxf3 14. gxf3
fxe6 15. bxc3 Qc7 16. Bxe6+ Kh8 17. Qc4 Qb7 18. Bd5 Nxd5 19. Qxd5 Qxd5 20. Rxd5
Nc5 21. Ba3 Rxf3 22. Bxc5 bxc5 23. Rxc5 Raf8 24. Rf1 h6 25. Rc7 a5 26. Kg2 R8f5
27. Rc4 Kh7 28. h3 Kh8 29. Rc8+ Kh7 30. Rc4 Kh8 31. Rc8+ Kh7 32. Rc4 Kh8
1/2-1/2

[Event "20th TCh-RUS 2013"]
[Site "Loo RUS"]
[Date "2013.04.12"]
[Round "6"]
[White "Korobov, Anton"]
[Black "Mamedyarov, Shakhriyar"]
[Result "1/2-1/2"]
[WhiteElo "2698"]
[BlackElo "2766"]
[PlyCount "109"]
[EventDate "2013.04.07"]
[WhiteTeam "Yugra"]
[BlackTeam "Malakhit"]

1. d4 Nf6 2. c4 g6 3. Nc3 d5 4. cxd5 Nxd5 5. e4 Nxc3 6. bxc3 Bg7 7. Bc4 c5 8.
Ne2 Nc6 9. Be3 O-O 10. O-O Na5 11. Bb5 a6 12. Bd3 cxd4 13. cxd4 Nc6 14. e5 Be6
15. Qd2 Qd7 16. Rfd1 Rfd8 17. h3 Rac8 18. Rac1 Nb8 19. Rxc8 Rxc8 20. f4 Nc6 21.
Be4 Bd5 22. Bxd5 Qxd5 23. Rc1 e6 24. Rc5 Qd7 25. d5 exd5 26. Rxd5 Qe6 27. Ng3
Bf8 28. Ne4 Be7 29. Nc5 Qf5 30. Kh2 Rc7 31. a3 Qc8 32. Ne4 Qf5 33. Qd3 Qe6 34.
Nc5 Qf5 35. Qxf5 gxf5 36. g4 fxg4 37. hxg4 Na5 38. Nd7 Rc2+ 39. Kh1 Nc4 40.
Nf6+ Bxf6 41. exf6 h6 42. Ba7 Nxa3 43. Rd8+ Kh7 44. f5 Nb5 45. Bb8 Rc6 46. Kg2
a5 47. Rd7 Kg8 48. Rxb7 Nd6 49. Ra7 Ne4 50. Rxa5 Nxf6 51. Be5 Kf8 52. Ra8+ Ke7
53. Ra7+ Ke8 54. Kf3 Rb6 55. Bxf6 1/2-1/2

[Event "20th TCh-RUS 2013"]
[Site "Loo RUS"]
[Date "2013.04.12"]
[Round "6"]
[White "Rublevsky, Sergei"]
[Black "Bologan, Viktor"]
[Result "1-0"]
[WhiteElo "2688"]
[BlackElo "2681"]
[PlyCount "75"]
[EventDate "2013.04.07"]
[WhiteTeam "Yugra"]
[BlackTeam "Malakhit"]

1. e4 e5 2. Nf3 Nc6 3. d4 exd4 4. Nxd4 Bc5 5. Nxc6 Qf6 6. Qf3 bxc6 7. Nd2 d6 8.
Nb3 Bb6 9. Bd2 Qxf3 10. gxf3 Ne7 11. a4 a5 12. Rg1 O-O 13. Be3 Bxe3 14. fxe3 g6
15. O-O-O Kg7 16. f4 Rb8 17. Nd4 Rb4 18. b3 d5 19. exd5 Nxd5 20. Nxc6 Nxe3 21.
Re1 Rb6 22. Rxe3 Rxc6 23. Re5 Rf6 24. Rxa5 Rxf4 25. Rc5 Bf5 26. Rxc7 Rf2 27. h4
Re8 28. Bb5 Re4 29. h5 Rh4 30. hxg6 hxg6 31. Kb2 Rhh2 32. Rc1 g5 33. a5 Be4 34.
a6 Rf5 35. Bc6 Bxc6 36. Rxc6 g4 37. Rg1 Rg5 38. Rc8 1-0

[Event "20th TCh-RUS 2013"]
[Site "Loo RUS"]
[Date "2013.04.12"]
[Round "6"]
[White "Malakhov, Vladimir"]
[Black "Khismatullin, Denis"]
[Result "1/2-1/2"]
[WhiteElo "2709"]
[BlackElo "2640"]
[PlyCount "172"]
[EventDate "2013.04.07"]
[WhiteTeam "Malakhit"]
[BlackTeam "Yugra"]

1. Nf3 c5 2. c4 Nc6 3. g3 g6 4. d4 cxd4 5. Nxd4 Bg7 6. Nc2 d6 7. Bg2 Be6 8. Ne3
Qd7 9. Nd2 Rc8 10. O-O Nf6 11. Rb1 O-O 12. Ne4 Nxe4 13. Bxe4 b5 14. cxb5 Nd4
15. b3 d5 16. Bg2 Nxb5 17. Bd2 Rfd8 18. Ba5 Nc3 19. Bxc3 Rxc3 20. Qd2 d4 21.
Nd1 Qc7 22. Be4 Rc5 23. Nb2 f5 24. Bd3 Bf7 25. Rbc1 e5 26. Rxc5 Qxc5 27. Rc1
Qf8 28. Rc7 e4 29. Bc4 Bxc4 30. Nxc4 d3 31. exd3 exd3 32. Rxa7 Qe8 33. Rc7 Qe2
34. Kg2 Qe4+ 35. f3 Qe6 36. a4 Bf6 37. Qe3 Qxe3 38. Nxe3 Re8 39. Nc4 Rd8 40.
Nd2 Re8 41. Nc4 Rd8 42. Nd2 Re8 43. Kh3 Re2 44. Nc4 Bd4 45. Rd7 Bg1 46. g4 Bxh2
47. gxf5 h5 48. Ne3 Be5 49. Nf1 Rf2 50. Rxd3 Rxf1 51. fxg6 Kg7 52. Rd5 Rh1+ 53.
Kg2 Rh2+ 54. Kg1 Bg3 55. Rg5 h4 56. Rg4 Rb2 57. f4 Rxb3 58. Kg2 Rb4 59. Kh3
Rxa4 60. f5 Ra2 61. Rb4 Kf6 62. Kg4 Ra6 63. Re4 Be5 64. g7 Ra8 65. Kxh4 Kxf5
66. Rg4 Rg8 67. Rg5+ Ke6 68. Kg4 Bxg7 69. Rg6+ Kf7 70. Kf5 Ra8 71. Rc6 Ra5+ 72.
Ke4 Bf6 73. Rc8 Re5+ 74. Kd3 Ke6 75. Rc6+ Kf5 76. Rc8 Ra5 77. Rf8 Ra4 78. Rf7
Ke6 79. Rh7 Be5 80. Rb7 Rd4+ 81. Ke3 Rc4 82. Kd3 Ra4 83. Ke3 Bd4+ 84. Kd3 Bc5
85. Rh7 Rd4+ 86. Kc3 Kd5 1/2-1/2

[Event "20th TCh-RUS 2013"]
[Site "Loo RUS"]
[Date "2013.04.12"]
[Round "6"]
[White "Caruana, Fabiano"]
[Black "Svidler, Peter"]
[Result "0-1"]
[WhiteElo "2772"]
[BlackElo "2747"]
[PlyCount "82"]
[EventDate "2013.04.07"]
[WhiteTeam "SHSM Nashe Nasledie Moskow"]
[BlackTeam "SPb Chess Fed"]

1. d4 Nf6 2. c4 g6 3. f3 Bg7 4. e4 d6 5. Nc3 O-O 6. Nge2 a6 7. Bg5 c6 8. Qd2 b5
9. h4 h5 10. O-O-O Nbd7 11. g4 b4 12. Na4 hxg4 13. Ng3 Nh7 14. Bh6 gxf3 15.
Bxg7 Kxg7 16. h5 g5 17. Qxb4 Ndf6 18. Rd3 g4 19. Rg1 Qc7 20. Qd2 Kh8 21. c5 Rb8
22. b3 Rg8 23. Rc3 e5 24. dxe5 dxe5 25. Qe3 a5 26. Nb6 Be6 27. Nc4 a4 28. bxa4
Rb4 29. Nb6 Qa7 30. a5 Rd8 31. a6 Bxa2 32. Bd3 Bb3 33. Nf5 Be6 34. Kc2 Bxf5 35.
exf5 e4 36. Bc4 Rxc4 37. Rxc4 Qxa6 38. Qb3 Qa5 39. Rc3 f2 40. Rb1 e3 41. Nc4 e2
0-1

[Event "20th TCh-RUS 2013"]
[Site "Loo RUS"]
[Date "2013.04.12"]
[Round "6"]
[White "Vitiugov, Nikita"]
[Black "Nepomniachtchi, Ian"]
[Result "1/2-1/2"]
[WhiteElo "2712"]
[BlackElo "2708"]
[PlyCount "140"]
[EventDate "2013.04.07"]
[WhiteTeam "SPb Chess Fed"]
[BlackTeam "SHSM Nashe Nasledie Moskow"]

1. Nf3 Nf6 2. c4 c5 3. Nc3 d5 4. cxd5 Nxd5 5. g3 Nc6 6. Bg2 e6 7. O-O Be7 8. d4
O-O 9. Nxd5 exd5 10. dxc5 Bxc5 11. Bg5 Qd7 12. Qd3 Re8 13. Bd2 h6 14. e3 d4 15.
exd4 Nxd4 16. Rfe1 Rxe1+ 17. Bxe1 Nc6 18. Qc2 Qf5 19. Qxf5 Bxf5 20. Rd1 Rd8 21.
Rxd8+ Nxd8 22. Bc3 Be4 23. Nd4 Bd3 24. Bd5 Kf8 25. Kg2 Ke8 26. Kf3 Kd7 27. Be4
Bxe4+ 28. Kxe4 h5 29. Kd5 Bf8 30. f3 Ne6 31. Nxe6 fxe6+ 32. Ke4 g6 33. g4 a6
34. h3 Bd6 35. Bf6 Ke8 36. Be5 Bf8 37. Bd4 Bd6 38. Bg7 Kd7 39. Bh8 Ke8 40. Bf6
Kd7 41. Kd4 Bf8 42. Be5 Be7 43. Ke3 Bf8 44. Bc3 Bh6+ 45. Ke4 Ke7 46. a4 Kd7 47.
Bf6 Bc1 48. Bd4 Bh6 49. Bc3 Bf8 50. Bf6 Bd6 51. Bd4 Bf8 52. Bc3 Bd6 53. gxh5
gxh5 54. f4 Ke8 55. f5 Kf7 56. Be5 Be7 57. Bg3 Bd8 58. Bf2 Bc7 59. Bh4 Bd6 60.
Bg5 Bc7 61. Bf4 Bd8 62. Bd6 Kf6 63. Be5+ Kf7 64. b3 Be7 65. Bg3 Bd8 66. Be1 Bf6
67. Ba5 Bh4 68. Kf4 Bf6 69. Bc7 Bh4 70. Ke4 Bf6 1/2-1/2

[Event "20th TCh-RUS 2013"]
[Site "Loo RUS"]
[Date "2013.04.12"]
[Round "6"]
[White "Le, Quang Liem"]
[Black "Dominguez Perez, Leinier"]
[Result "1/2-1/2"]
[WhiteElo "2717"]
[BlackElo "2723"]
[PlyCount "54"]
[EventDate "2013.04.07"]
[WhiteTeam "SHSM Nashe Nasledie Moskow"]
[BlackTeam "SPb Chess Fed"]

1. d4 Nf6 2. c4 e6 3. Nc3 Bb4 4. e3 O-O 5. Bd3 d5 6. Nf3 dxc4 7. Bxc4 c5 8. O-O
Nc6 9. a3 Ba5 10. Bd3 h6 11. h3 cxd4 12. exd4 Bc7 13. Be3 Ne7 14. Rc1 b6 15.
Qe2 Bb7 16. Rc2 a6 17. Rfc1 Bb8 18. Bd2 Nf5 19. Ne4 Nd5 20. Rd1 Re8 21. Nc3 Nf6
22. Ne4 Nd5 23. Nc3 Ra7 24. Be4 Nd6 25. Bd3 Nf5 26. Be4 Nd6 27. Bd3 Nf5 1/2-1/2

[Event "20th TCh-RUS 2013"]
[Site "Loo RUS"]
[Date "2013.04.12"]
[Round "6"]
[White "Movsesian, Sergei"]
[Black "Wojtaszek, Radoslaw"]
[Result "1/2-1/2"]
[WhiteElo "2695"]
[BlackElo "2700"]
[PlyCount "55"]
[EventDate "2013.04.07"]
[WhiteTeam "SPb Chess Fed"]
[BlackTeam "SHSM Nashe Nasledie Moskow"]

1. c4 Nf6 2. Nc3 e6 3. e4 d5 4. e5 d4 5. exf6 dxc3 6. bxc3 Qxf6 7. Nf3 b6 8. d4
Bb7 9. Bd3 h6 10. O-O Bxf3 11. Qxf3 Qxf3 12. gxf3 Nc6 13. c5 Na5 14. Bf4 Kd7
15. Rfd1 Be7 16. c6+ Nxc6 17. d5 exd5 18. Bf5+ Ke8 19. Rxd5 Rd8 20. Rad1 Bd6
21. Bxd6 cxd6 22. Rxd6 Rxd6 23. Rxd6 Nb8 24. Rd4 Ke7 25. Rc4 Kd6 26. Rd4+ Ke7
27. Rc4 Kd6 28. Rd4+ 1/2-1/2

[Event "20th TCh-RUS 2013"]
[Site "Loo RUS"]
[Date "2013.04.12"]
[Round "6"]
[White "Grachev, Boris"]
[Black "Efimenko, Zahar"]
[Result "1/2-1/2"]
[WhiteElo "2693"]
[BlackElo "2697"]
[PlyCount "73"]
[EventDate "2013.04.07"]
[WhiteTeam "SHSM Nashe Nasledie Moskow"]
[BlackTeam "SPb Chess Fed"]

1. Nf3 Nf6 2. c4 e6 3. g3 d5 4. Bg2 dxc4 5. Qa4+ Nbd7 6. Qxc4 c5 7. d3 Bd6 8.
O-O Rb8 9. a4 b6 10. Nc3 a6 11. d4 Bb7 12. Ng5 Bxg2 13. Kxg2 cxd4 14. Qxd4 Be5
15. Qb4 a5 16. Qa3 Bxc3 17. Qxc3 O-O 18. Rd1 Qc8 19. Qxc8 Rbxc8 20. Nf3 Nc5 21.
Be3 Nd5 22. Bxc5 Rxc5 23. Rac1 h6 24. Rxc5 bxc5 25. Rc1 Rb8 26. Rxc5 Rxb2 27.
Kf1 Rb1+ 28. Kg2 Rb2 29. Ng1 Ra2 30. Rxa5 Nb6 31. Ra6 Nxa4 32. Rc6 Rb2 33. Rc8+
Kh7 34. Rc7 Kg8 35. Rc8+ Kh7 36. Rc7 Kg8 37. Rc8+ 1/2-1/2

[Event "20th TCh-RUS 2013"]
[Site "Loo RUS"]
[Date "2013.04.12"]
[Round "6"]
[White "Matlakov, Maxim"]
[Black "Dubov, Daniil"]
[Result "1-0"]
[WhiteElo "2653"]
[BlackElo "2614"]
[PlyCount "134"]
[EventDate "2013.04.07"]
[WhiteTeam "SPb Chess Fed"]
[BlackTeam "SHSM Nashe Nasledie Moskow"]

1. Nf3 Nf6 2. c4 c6 3. d4 d5 4. e3 Bf5 5. Nc3 e6 6. Nh4 Be4 7. f3 Bg6 8. Qb3
Qc7 9. g3 Be7 10. cxd5 Nxd5 11. Nxg6 hxg6 12. e4 Nxc3 13. bxc3 Nd7 14. Kf2 Rb8
15. a4 g5 16. Be2 e5 17. Be3 O-O 18. Rhd1 b6 19. Kg2 Rbd8 20. Ra2 c5 21. d5 Nf6
22. a5 g4 23. axb6 axb6 24. Rb1 gxf3+ 25. Bxf3 Rd6 26. Ra6 Rb8 27. Qa4 Qc8 28.
Ra7 Bd8 29. Qa6 Qxa6 30. Rxa6 Rc8 31. h4 Rd7 32. Rba1 Kf8 33. Ra8 Rxa8 34. Rxa8
Ke7 35. Bg5 Kd6 36. Rc8 Ke7 37. Bg4 Rd6 38. Kf3 Ke8 39. Bh3 Nh7 40. Be3 g6 41.
g4 g5 42. h5 Kd7 43. Ra8 Rf6+ 44. Kg3 Kc7 45. Bg2 Be7 46. Rh8 Rh6 47. Bf1 Bf8
48. Bb5 Kd6 49. Kf3 Ke7 50. Ke2 Nf6 51. d6+ Kxd6 52. Rxf8 Nxg4 53. Bxg5 Rxh5
54. Rd8+ Kc7 55. Rd7+ Kc8 56. Bd8 Rh2+ 57. Kf3 Rb2 58. Bc6 Nh2+ 59. Kg3 Nf1+
60. Kh4 Rh2+ 61. Kg5 Rg2+ 62. Kf5 Rg6 63. Bb5 Ng3+ 64. Kxe5 Ne2 65. Rd3 Nc1 66.
Rd2 Nb3 67. Rd1 Kb8 1-0

[Event "20th TCh-RUS 2013"]
[Site "Loo RUS"]
[Date "2013.04.12"]
[Round "6"]
[White "Jobava, Baadur"]
[Black "Vachier-Lagrave, Maxime"]
[Result "0-1"]
[WhiteElo "2702"]
[BlackElo "2722"]
[PlyCount "102"]
[EventDate "2013.04.07"]
[WhiteTeam "PGMB Rostov"]
[BlackTeam "Belorechensk"]

1. e4 c5 2. Nc3 e6 3. d4 cxd4 4. Qxd4 Nc6 5. Qa4 Bc5 6. Bd2 d6 7. e5 dxe5 8.
O-O-O Nf6 9. Nf3 Bd7 10. Qh4 Be7 11. Bb5 Nd4 12. Nxd4 exd4 13. Qxd4 Bxb5 14.
Qxd8+ Rxd8 15. Nxb5 Bc5 16. f3 Nd5 17. Rhe1 a6 18. Nc3 Nxc3 19. Bxc3 Ke7 20.
Re4 Rxd1+ 21. Kxd1 Rd8+ 22. Ke2 f6 23. Rg4 g6 24. Rf4 e5 25. Re4 Bd6 26. Rc4
Kd7 27. h3 b5 28. Rh4 h5 29. Re4 Ke6 30. Ba5 Rc8 31. Kd3 f5 32. Re2 g5 33. b3
b4 34. c4 Bc5 35. Kc2 g4 36. hxg4 hxg4 37. fxg4 fxg4 38. a3 bxa3 39. b4 a2 40.
Kb2 Bd4+ 41. Kxa2 Rxc4 42. Kb3 Kd5 43. Bd8 e4 44. Bh4 e3 45. Ra2 Rc3+ 46. Ka4
Kc4 47. Ka5 Rb3 48. Kxa6 Rxb4 49. Rc2+ Bc3 50. Ra2 Kd3 51. Ra3 Rb1 0-1

[Event "20th TCh-RUS 2013"]
[Site "Loo RUS"]
[Date "2013.04.12"]
[Round "6"]
[White "Mamedov, Rauf"]
[Black "Cheparinov, Ivan"]
[Result "0-1"]
[WhiteElo "2662"]
[BlackElo "2702"]
[PlyCount "158"]
[EventDate "2013.04.07"]
[WhiteTeam "Belorechensk"]
[BlackTeam "PGMB Rostov"]

1. e4 c5 2. Nf3 d6 3. d4 Nf6 4. dxc5 Nxe4 5. cxd6 Nc6 6. Bd3 Nxd6 7. O-O g6 8.
Bd2 Bg7 9. Bc3 O-O 10. Bxg7 Kxg7 11. Nc3 e5 12. Re1 f6 13. Ne4 Be6 14. c3 Nxe4
15. Bxe4 Qxd1 16. Rexd1 Rfd8 17. h3 Kf7 18. Kf1 Ke7 19. b3 a5 20. Rxd8 Nxd8 21.
Rb1 Rc8 22. Rc1 f5 23. Bb1 Nc6 24. Nd2 a4 25. bxa4 Na5 26. Ke2 b6 27. f3 Nb7
28. Bd3 Nc5 29. Bb5 Bxa2 30. Ra1 Be6 31. a5 bxa5 32. Rxa5 Rc7 33. c4 Bf7 34. g3
g5 35. Ra8 f4 36. g4 Bg6 37. Kf2 Kf6 38. Ke2 Bd3+ 39. Kf2 Bg6 40. Ke2 Ke7 41.
Kf2 Ne6 42. Ra5 Nd4 43. Ba4 Kd6 44. Ke1 Bd3 45. Kf2 h6 46. Bd1 Bxc4 47. Ne4+
Ke6 48. Nc5+ Ke7 49. Ne4 Bb5 50. Ra1 Ke6 51. Nd2 Rc3 52. Ne4 Rc7 53. Nd2 Rc3
54. Ne4 Re3 55. Ra2 Bc4 56. Rb2 Bd5 57. Rb6+ Ke7 58. Rxh6 Bxe4 59. fxe4 Ne6 60.
Rh7+ Kf8 61. Bf3 Nc5 62. Kg2 Nd3 63. Bd1 Rxe4 64. h4 gxh4 65. g5 Re3 66. Rxh4
Rg3+ 67. Kf1 Rxg5 68. Be2 Nc5 69. Bf3 Kg7 70. Ke2 Rg6 71. Rh5 Kf6 72. Rh8 e4
73. Bh1 Ke5 74. Rh5+ Kd4 75. Rh8 Rf6 76. Rd8+ Ke5 77. Rh8 Ne6 78. Ra8 Nd4+ 79.
Kf1 f3 0-1